Vypracovanie výkresovej dokumentácie pre vybrané rotačné súčiastky ako výučbovú pomôcku v rámci predmetu Základy konštruovania

Guardado en:
Detalles Bibliográficos
Autor principal: Naď, Andrej (Autor)
Otros Autores: Vetríková, Nina (Orientador)
Formato: Manuscrito Libro
Lenguaje:eslovaco
Publicado: 2015
Materias:
Acceso en línea:http://is.stuba.sk/zp/portal_zp.pl?podrobnosti=96738
Etiquetas: Agregar Etiqueta
Sin Etiquetas, Sea el primero en etiquetar este registro!

MARC

LEADER 00000ntm a22000003a 4500
001 stuzp50790
003 SK-STU
005 20160719153651.6
007 ta
008 150427s2015----xo-----f-mn---000-0-slo-d
040 |a STU  |b slo 
041 0 |a slo 
100 1 |a Naď, Andrej  |u 063000  |4 aut  |U MTF Materiálovotechnologická fakulta  |T MTF Ústav výrobných technológií  |X 47313  |U M3000  |Y 83  |7 47313 
242 0 1 |a Drawings elaboration of selected rotary parts as a teaching tool within the scope of Constructing Basics  |y eng 
245 1 0 |a Vypracovanie výkresovej dokumentácie pre vybrané rotačné súčiastky ako výučbovú pomôcku v rámci predmetu Základy konštruovania 
260 |c 2015 
650 4 |a výkres  |2 slo 
650 4 |a výrobok  |2 slo 
650 4 |a súčiastka  |2 slo 
650 4 |a konštruovanie  |2 slo 
650 4 |a technická dokumentácia  |2 slo 
650 4 |a construction  |2 eng 
650 4 |a technical documents  |2 eng 
650 4 |a drawings  |2 eng 
650 4 |a product  |2 eng 
650 4 |a component  |2 eng 
700 1 |a Vetríková, Nina  |4 ths  |X 10114  |7 A000010114 
856 4 |u http://is.stuba.sk/zp/portal_zp.pl?podrobnosti=96738 
996 |c M* BP-7201  |l MMSKP  |s P  |a 0  |w stuzp50790_0001 
SQL |a stuzp50790  |b DBP  |c SLO  |d Vypracovanie výkresovej dokumentácie pre vybrané rotačné súčiastky ako výučbovú pomôcku v rámci predmetu Základy konštruovania  |e 47313  |f Naď, Andrej  |g 063000  |h 10114  |i Vetríková, Nina  |j 20150702  |k 179  |l 06  |m http://is.stuba.sk/zp/portal_zp.pl?podrobnosti=96738  |n B-VZS  |o 5.2.50. výrobná technika